000
00208nam a22000857a 4500
008
160706b xxu||||| |||| 00| 0 eng d
100
_9
2366
_a
Awrobind, S
245
_a
A Call to the Youth of India
260
_c
1996
999
_c
2043
_d
2043